Wolverhampton Wanderers Squad 2011 - 2012 Quiz Stats

Quiz not verified by Sporcle

Challenge
Share
Tweet
Embed
Score 0/41 Timer 07:00
0 Plays Today
Squad No. Player % Correct
1Wayne Hennessey
95%
10Steven Fletcher
90.4%
9Sylvan Ebanks-Blake
89.6%
17Matthew Jarvis
89.6%
29Kevin Doyle
88.3%
3George Elokobi
87.9%
8Karl Henry
86.7%
5Richard Stearman
86.3%
6Jody Craddock
85.4%
11Stephen Ward
83.3%
4David Edwards
82.5%
14Roger Johnson
82.1%
13 (on loan)Carl Ikeme
79.6%
7Michael Kightly
78.8%
16Christophe Berra
78.3%
24Jamie O'Hara
78.3%
12Stephen Hunt
72.5%
20Nenad Milijas
68.8%
32Kevin Foley
67.1%
23Ronald Zubar
66.7%
18Sam Vokes
59.6%
Squad No. Player % Correct
19Adam Hammill
49.6%
25 (on loan)Danny Batth
47.1%
30Matt Doherty
36.7%
34Adlene Guedioura
36.7%
31Dorus De Vries
31.7%
28 (on loan)Leigh Griffiths
25.4%
47Ethan Ebanks-Landell
25.4%
40Ashley Hemmings
23.8%
45Aaron McCarey
23.8%
22 (on loan)Steven Mouyokolo
23.3%
42James Spray
22.9%
35Jake Cassidy
22.1%
41Jack Price
22.1%
46Johnny Gorman
17.9%
44 (on loan)Nathanial Mendez-Laing
15%
43Jamie Reckord
10.8%
38Louis Harris
10.8%
36 (on loan)Scott Malone
10.4%
39Michael Ihiekwe
7.9%
48Brian McGroary
7.1%

You're not logged in!

Compare scores with friends on all Sporcle quizzes.
Sign Up with Email
OR
Log In

You Might Also Like...

Show Comments

Extras

Top Quizzes Today


Score Distribution

Your Account Isn't Verified!

In order to create a playlist on Sporcle, you need to verify the email address you used during registration. Go to your Sporcle Settings to finish the process.

Report this User

Report this user for behavior that violates our Community Guidelines.

Details: